Modern production among backward peoples / (Record no. 2966)
[ view plain ]
| 000 -LEADER | |
|---|---|
| fixed length control field | 01126cam a22003011 4500 |
| 001 - CONTROL NUMBER | |
| control field | 2966 |
| 003 - CONTROL NUMBER IDENTIFIER | |
| rucl marc code | BD-RjUL |
| 005 - DATE AND TIME OF LATEST TRANSACTION | |
| control field | 20211208233642.0 |
| 008 - FIXED-LENGTH DATA ELEMENTS--GENERAL INFORMATION | |
| fixed length control field | 131217s1935 xx 001 0 eng |
| 035 ## - SYSTEM CONTROL NUMBER | |
| System control number | (BD-RjUL)2994 |
| System control number | (OCoLC)1077143 |
| 040 ## - CATALOGING SOURCE | |
| Original cataloging agency | DLC |
| Transcribing agency | PBm |
| Modifying agency | DLC |
| -- | BD-RjUL |
| Language of cataloging | eng |
| 041 ## - LANGUAGE CODE | |
| Language code of text/sound track or separate title | eng |
| 082 ## - DEWEY DECIMAL CLASSIFICATION NUMBER | |
| Classification number | 338.1 |
| Author mark and year | GRM 1935 |
| 100 1# - MAIN ENTRY--PERSONAL NAME | |
| Personal name | Greaves, I. C. |
| Fuller form of name | (Ida Cecil), |
| Dates associated with a name | 1907- |
| 9 (RLIN) | 9453 |
| 245 10 - TITLE STATEMENT | |
| Title | Modern production among backward peoples / |
| Statement of responsibility, etc. | I. C. Greaves. |
| 260 ## - PUBLICATION, DISTRIBUTION, ETC. (IMPRINT) | |
| Place of publication, distribution, etc. | London : |
| Name of publisher, distributor, etc. | G. Allen & Unwin , |
| Date of publication, distribution, etc. | 1935 |
| 300 ## - PHYSICAL DESCRIPTION | |
| Pagination | 229 p. : |
| Illustrations | ill. ; |
| Size | 22 cm. |
| 490 0# - SERIES STATEMENT | |
| Series statement | London School of Economics and Political Science. Studies in economics and commerce, |
| Volume/sequential designation | no. 5 |
| 502 ## - DISSERTATION NOTE | |
| Dissertation note | "Thesis approved for the doctor of philosophy in the University of London." |
| 504 ## - BIBLIOGRAPHY, ETC. NOTE | |
| Bibliography, etc | Bibliography: p. [223]-226. and index. |
| 650 #0 - SUBJECT ADDED ENTRY--TOPICAL TERM | |
| Topical term or geographic name as entry element | Indigenous peoples. |
| 9 (RLIN) | 8802 |
| Topical term or geographic name as entry element | Agriculture |
| Geographic subdivision | Tropics. |
| 9 (RLIN) | 9454 |
| Topical term or geographic name as entry element | Agriculture |
| General subdivision | Economic aspects. |
| 9 (RLIN) | 9455 |
| 856 ## - ELECTRONIC LOCATION AND ACCESS | |
| Uniform Resource Identifier | <a href="http://www.worldcat.org/title/modern-production-among-backward-peoples/oclc/1077143&referer=brief_results">http://www.worldcat.org/title/modern-production-among-backward-peoples/oclc/1077143&referer=brief_results</a> |
| 942 ## - ADDED ENTRY ELEMENTS (KOHA) | |
| Source of classification or shelving scheme | Dewey Decimal Classification |
| Koha item type | Books |
| Lost status | Source of classification or shelving scheme | Damaged status | Not for loan | Collection code | Permanent Location | Current Location | Shelving location | Date acquired | Source of acquisition | Cost, normal purchase price | Total Checkouts | Full call number | Date last seen | Copy number | Koha item type |
|---|---|---|---|---|---|---|---|---|---|---|---|---|---|---|---|
| Dewey Decimal Classification | Non-fiction | Central Library, University of Rajshahi | Central Library, University of Rajshahi | 15/06/1963 | Zeitlinger | 12.60 | 338.1 GRM 1935 | 17/12/2013 | C-3 | Books | |||||
| Dewey Decimal Classification | Non-fiction | Central Library, University of Rajshahi | Central Library, University of Rajshahi | 02/07/1957 | Publisher United LTD. | 10.20 | 338.1 GRM 1935 | 27/06/2016 | C-2 | Books | |||||
| Dewey Decimal Classification | Non-fiction | Central Library, University of Rajshahi | Central Library, University of Rajshahi | 02/07/1957 | Publisher United LTD. | 10.20 | 338.1 GRM 1935 | 27/06/2016 | C-4 | Books |